C programming: Including numerical and statistical methods (Record no. 360761)

MARC details
000 -LEADER
fixed length control field 00556 a2200193 4500
005 - DATE & TIME
control field 20250130101345.0
008 - FIXED-LENGTH DATA ELEMENTS--GENERAL INFORMATION
fixed length control field 250129b |||||||| |||| 00| 0 eng d
020 ## - ISBN
International Standard Book Number 9788184872095
Price Rs. 850.00
040 ## - CATALOGING SOURCE
Original cataloging agency VIVEKANANDA LIBRARY
082 ## - DDC NUMBER
Classification number 005.13
Book Number P171C
100 ## - MAIN ENTRY--PERSONAL NAME
Personal name Pal, Madhumangal
245 ## - TITLE STATEMENT
Title C programming: Including numerical and statistical methods
260 ## - PUBLICATION, DISTRIBUTION, ETC. (IMPRINT)
Name of publisher, distributor, etc Narosa Publishing House
Date of publication, distribution, etc 2019
Place of publication, distribution, etc New Delhi
300 ## - PHYSICAL DESCRIPTION
Pages xiii, 609
650 ## - Subject
Subject Computer Science
650 ## - Subject
Subject Computer Programming Language
650 ## - Subject
Subject Numerical Methods
942 ## - ADDED ENTRY ELEMENTS (KOHA)
Koha item type Books
Holdings
Withdrawn status Lost status Source of classification or shelving scheme Damaged status Not for loan Location (home branch) Sublocation or collection (holding branch) Shelving location Date acquired Koha issues (times borrowed) Koha full call number Accession No. Koha date last seen Koha item type
    Dewey Decimal Classification     VIVEKANANDA LIBRARY VIVEKANANDA LIBRARY Vivekananda Library 21/01/2025   005.13 P171C 437005 21/01/2025 Books
    Dewey Decimal Classification     VIVEKANANDA LIBRARY VIVEKANANDA LIBRARY Vivekananda Library 21/01/2025   005.13 P171C 437007 21/01/2025 Books
    Dewey Decimal Classification     VIVEKANANDA LIBRARY VIVEKANANDA LIBRARY Vivekananda Library 21/01/2025   005.13 P171C 437008 21/01/2025 Books
    Dewey Decimal Classification     VIVEKANANDA LIBRARY VIVEKANANDA LIBRARY Vivekananda Library 21/01/2025   005.13 P171C 437009 21/01/2025 Books
    Dewey Decimal Classification     VIVEKANANDA LIBRARY VIVEKANANDA LIBRARY Vivekananda Library 21/01/2025   005.13 P171C 437006 21/01/2025 Books
© Designed and Maintained by Vivekananda Library, MDU Rohtak